| 000 | 00759cam a22002055a 4500 | ||
|---|---|---|---|
| 001 | L156177 | ||
| 008 | 120502s1824 xxk f 000 0 eng d | ||
| 035 | _a(Sirsi) u156177 | ||
| 041 | 0 | _aeng | |
| 100 | 1 |
_aHitchins, Fortescue _d1784-1814 |
|
| 245 | 0 | 4 |
_aThe history of Cornwall _bfrom the earlist records and traditions, to the present time |
| 260 |
_aHelston _bPrinted and published by William Penaluna, and sold by Edwards, ... _c1824 |
||
| 300 |
_a2 v. _bill. _c31 cm. |
||
| 520 | _aBegun by Hitchins, and after his death completed by Drew, who wrote the greater part of the work. | ||
| 583 | 0 |
_aCondition reviewed _c20120620 _lcondition level 2 |
|
| 651 | 4 |
_aEngland _y886- |
|
| 690 |
_aRural _96268 |
||
| 700 | 1 |
_aDrew, Samuel _d1765-1833 |
|
| 942 | _n0 | ||
| 999 |
_c114080 _d114080 |
||